Una visión del desarrollo en los sesenta en Colombia : (Registro nro. 49034)

Detalles MARC
000 -LEADER
fixed length control field 01670nam a22003133i 4500
005 - DATE AND TIME OF LATEST TRANSACTION
control field 20250624163731.0
008 - FIXED-LENGTH DATA ELEMENTS--GENERAL INFORMATION
fixed length control field 220428s2015 ck d fr 000 0 spa d
020 ## - INTERNATIONAL STANDARD BOOK NUMBER
International Standard Book Number 9789585402829
040 ## - CATALOGING SOURCE
Original cataloging agency CO-CtgCURN
Language of cataloging spa
Description conventions rda
Transcribing agency coctgcurn
082 04 - DEWEY DECIMAL CLASSIFICATION NUMBER
Classification number 338.9
Item number V831
100 1# - MAIN ENTRY--PERSONAL NAME
Relator term autor.
245 14 - TITLE STATEMENT
Title Una visión del desarrollo en los sesenta en Colombia :
Remainder of title Pensamiento de L.J. Lebret y la misión de economía y humanismo /
Statement of responsibility, etc. Compilador Diego Roldán.
250 ## - EDITION STATEMENT
Edition statement Primera edición.
264 #1 - PRODUCTION, PUBLICATION, DISTRIBUTION, MANUFACTURE, AND COPYRIGHT NOTICE
Place of production, publication, distribution, manufacture Bogotá D. C. :
Name of producer, publisher, distributor, manufacturer Academia Colombiana de Ciencias Económicas,
Date of production, publication, distribution, manufacture, or copyright notice 2023
300 ## - PHYSICAL DESCRIPTION
Extent 243 páginas :
Other physical details gráficos ;
Dimensions 24 cm.
336 ## - CONTENT TYPE
Content type term texto
Content type code txt
Source rdacontent
337 ## - MEDIA TYPE
Media type term sin mediación
Media type code n
Source rdamedia
338 ## - CARRIER TYPE
Carrier type term volumen
Carrier type code nc
Source rdacarrier
504 ## - BIBLIOGRAPHY, ETC. NOTE
Bibliography, etc. note Incluye referencias bibliográficas.
520 3# - SUMMARY, ETC.
Summary, etc. "En contravia con un mundo de clausura, este libro muestra otra cara de la Iglesia, especialmente sus sectores juveniles; el interés de salir de los ámbitos parroquiales y conventuales, para reflexionar sobre la situación socioeconómica de los pueblos de América Latina y las responsabilidades en la búsqueda de soluciones a esa problemática"
650 #7 - SUBJECT ADDED ENTRY--TOPICAL TERM
Topical term or geographic name entry element Economía
Geographic subdivision Colombia.
Source of heading or term LOCAL
650 #7 - SUBJECT ADDED ENTRY--TOPICAL TERM
Topical term or geographic name entry element Historia económica
Geographic subdivision Colombia.
Source of heading or term LOCAL
650 #7 - SUBJECT ADDED ENTRY--TOPICAL TERM
Topical term or geographic name entry element Economía política.
Source of heading or term LOCAL
650 #4 - SUBJECT ADDED ENTRY--TOPICAL TERM
Topical term or geographic name entry element Desarrollo económico
Geographic subdivision América Latina
General subdivision Congresos, conferencias, etc.
Chronological subdivision Siglo XX.
650 #4 - SUBJECT ADDED ENTRY--TOPICAL TERM
Topical term or geographic name entry element Políticas de desarrollo
Geographic subdivision América Latina
General subdivision Congresos, conferencias, etc.
Chronological subdivision Siglo XX.
650 #4 - SUBJECT ADDED ENTRY--TOPICAL TERM
Topical term or geographic name entry element Concentración urbana
Geographic subdivision América Latina
General subdivision Congresos, conferencias, etc.
Chronological subdivision Siglo XX.
700 1# - ADDED ENTRY--PERSONAL NAME
Personal name Roldán, Diego,
Relator term compilador.
Existencias
Withdrawn status Lost status Damaged status Not for loan Collection Home library Current library Shelving location Date acquired Inventory number Total checkouts Full call number Barcode Date last seen Price effective from Koha item type Public note
        General Miguel Henríquez Castañeda Miguel Henríquez Castañeda General 06/24/2025 025550   338.9 V831 025550 06/24/2025 06/24/2025 Libros 330-ECONOM